000 00824cam a2200253 a 4500
001 16328286
005 20180227083712.0
008 100712s2011 nyua b 001 0 eng
010 _a 2010029454
020 _a9780073530468 (alk. paper)
020 _a0073530468 (alk. paper)
035 _a(OCoLC)ocn496956006
040 _aDLC
_cDLC
_dYDX
_dBTCTA
_dYDXCP
_dDLC
041 _aeng
080 _a658.3 NOE
082 0 0 _a658.3 NOE
_222
100 _a52
101 _aBNJ
245 0 0 _aFundamentals of human resource management /
_cRaymond A. Noe ... [et al.].
504 _aIncludes bibliographical references and indexes.
906 _a7
_bcbc
_corignew
_d1
_eecip
_f20
_gy-gencatlg
942 _2ddc
_cBK
999 _c43635
_d43635